000 00565nam a2200205Ia 4500
001 23000
008 171108s1968 ii a g b000 u 465 u
082 _a335.4
100 _aIrani, C.R. .
245 0 _aBengal: The Communist Challenge /
_cC.R. Irani.
_hTextual Documents
250 _a1st ed. /
260 _aBombay :
_bLalvani Publishing House ,
_c1968.
300 _aviii,168p. :
_bill ;
_c23cm .
504 _aIndex
653 _aEconomics
653 _aT/G-Economics
653 _aPolitical Economy-India
653 _aCommunism-Bengal
942 _2ddc
_cBK
999 _c22982
_d22982